MAASAI MARA UNIVERSITY

LIBRARY CATALOGUE

Contact Us: +254 020 2685356/7 or 0774 057787

Box: 861-20500, NAROK, KENYA

Email: info@mmarau.ac.ke

_Methods in Behavioral research (Record no. 5309)

MARC details
000 -LEADER
fixed length control field 00402nam a2200145Ia 4500
008 - FIXED-LENGTH DATA ELEMENTS--GENERAL INFORMATION
fixed length control field 151019s9999 xx 000 0 und d
020 ## - INTERNATIONAL STANDARD BOOK NUMBER
International Standard Book Number 9.780071281e+012
050 ## - LIBRARY OF CONGRESS CALL NUMBER
Classification number BF76.5.C67 2009
245 ## - TITLE STATEMENT
Title _Methods in Behavioral research
250 ## - EDITION STATEMENT
Edition statement 10th ed.
260 ## - PUBLICATION, DISTRIBUTION, ETC. (IMPRINT)
Place of publication, distribution, etc. U S A Mcgraw Hill 2009
300 ## - PHYSICAL DESCRIPTION
Extent includes index
500 ## - GENERAL NOTE
General note _scientific research
700 ## - ADDED ENTRY--PERSONAL NAME
Personal name ^d20110111 03:59:07^okilerai

No items available.

© 2016 Maasai Mara University.